000 00662nam a2200241Ia 4500
003 OSt
005 20220924123555.0
006 a|||||r|||| 00| 0
007 ta
008 220923b |||||||| |||| 00| 0 san d
024 _a41082
037 _cTextual
040 _aARTS
_cARTS
_bsan
041 _2san
_asan
082 _aO15,1A2:g, 111M5
100 _aChaitanya Krishna
_95800
245 0 _aMahabharata
_b a literary study
260 _aNew Delhi
_b Clarion Books India
_c1985
300 _a462p.
_ccm.
650 _aSANSKRIT LITERATURE
942 _hO15,1A2:g, 111M5
_cTEXL
_2CC
999 _c416288
_d416288